Crocodilian by Picture - Statistics

General Stats
  • This quiz has been taken 142 times
  • The average score is 8 of 16
Answer Stats
Picture Hint Answer % Correct
{Saltwater} Crocodile
97%
{American} Alligator
91%
Gharial
85%
{Nile} Crocodile
84%
{Chinese} Alligator
68%
{Black} Caiman
65%
False {Gharial}
62%
{American} Crocodile
51%
{Spectacled} Caiman
48%
{Mugger} Crocodile
42%
{Dwarf} Crocodile
34%
Prehistoric Sarcosuchus
29%
{Yacare} Caiman
28%
Prehistoric Deinosuchus
25%
Prehistoric Purussaurus
13%
Prehistoric Metriorhynchus
7%
No matching quizzes found
Score Distribution
Percent of People with Each Score
Percentile by Number Answered
Your Score History
You have not taken this quiz